Can You Name All The Controllers Brawlers in Brawl Stars? - Statistics

General Stats
  • This quiz has been taken 5 times
  • The average score is 6 of 20
Answer Stats
Hint Answer % Correct
Epic Emz
75%
Epic Griff
75%
Super Rare Jessie
75%
Ultra Legendary Sirius
75%
Legendary Amber
50%
Epic Meeple
50%
Legendary Sandy
50%
Mythic Charlie
25%
Mythic Chuck
25%
Epic Gale
25%
Mythic Gene
25%
Super Rare Penny
25%
Mythic Ziggy
25%
Epic Bo
0%
Mythic Finx
0%
Mythic Lou
0%
Mythic Mr.P
0%
Mythic Otis
0%
Mythic Squeak
0%
Mythic Willow
0%
No matching quizzes found
Score Distribution
Percent of People with Each Score
Percentile by Number Answered
Your Score History
You have not taken this quiz